| 000 | 00808nam a2200253Ia 4500 | ||
|---|---|---|---|
| 003 | OSt | ||
| 005 | 20220925185837.0 | ||
| 006 | a|||||r|||| 00| 0 | ||
| 007 | ta | ||
| 008 | 220923b |||||||| |||| 00| 0 eng d | ||
| 020 |
_a9780538736589 _c1681.6400000000001 |
||
| 037 |
_bBBS/24, 29/09/2011, Better Book Service _cGeneral Book |
||
| 040 |
_aRTL _cRTL _beng |
||
| 041 |
_2eng _aeng |
||
| 082 | _aU2, Q1 | ||
| 100 |
_aPETERSEN James F _9236045 |
||
| 245 | 0 | _aFundamentals of physical geography | |
| 260 |
_aAustralia _bBrooks Cole/ Cengage Learning _c2011 |
||
| 300 |
_axv, 479p _ccm. |
||
| 500 | _aAppendix: P 430-39; Glossary: P 446-64 | ||
| 650 | _aGeography | ||
| 942 |
_hU2, Q1 _cGB _2CC |
||
| 999 |
_c512412 _d512412 |
||